日本の市(中部地方) - Statistics

General Stats
  • This quiz has been taken 49 times
  • The average score is 112 of 164
Answer Stats
Hint Answer % Correct
愛知県 名古屋市 2,332,176
100%
新潟県 新潟市 789,275
100%
静岡県 静岡市 693,389
100%
石川県 金沢市 463,254
100%
新潟県 長岡市 266,936
100%
静岡県 富士市 245,392
100%
静岡県 浜松市 790,718
96%
富山県 富山市 413,938
96%
岐阜県 岐阜市 402,557
96%
愛知県 岡崎市 384,654
96%
長野県 長野市 372,760
96%
愛知県 豊橋市 371,920
96%
福井県 福井市 262,328
96%
長野県 松本市 241,145
96%
山梨県 甲府市 189,591
96%
愛知県 豊田市 422,330
93%
愛知県 一宮市 380,073
93%
新潟県 上越市 188,047
93%
静岡県 沼津市 189,386
89%
愛知県 安城市 187,990
89%
愛知県 春日井市 308,681
85%
愛知県 小牧市 148,831
85%
静岡県 伊豆市 28,190
85%
岐阜県 大垣市 158,286
81%
愛知県 犬山市 73,090
81%
福井県 敦賀市 64,264
81%
静岡県 熱海市 34,208
81%
山梨県 山梨市 33,435
81%
愛知県 豊川市 184,661
78%
静岡県 磐田市 166,672
78%
富山県 高岡市 166,393
78%
長野県 上田市 154,055
78%
岐阜県 各務原市 144,521
78%
愛知県 瀬戸市 127,792
78%
静岡県 掛川市 114,954
78%
静岡県 三島市 107,783
78%
岐阜県 多治見市 106,732
78%
長野県 飯田市 98,164
78%
静岡県 御殿場市 86,614
78%
愛知県 北名古屋市 86,385
78%
岐阜県 高山市 84,419
78%
長野県 塩尻市 67,241
78%
静岡県 湖西市 57,885
78%
愛知県 知多市 84,364
74%
福井県 越前市 80,611
74%
愛知県 蒲郡市 79,538
74%
新潟県 燕市 77,201
74%
岐阜県 中津川市 76,570
74%
愛知県 知立市 72,193
74%
愛知県 豊明市 69,295
74%
愛知県 長久手市 60,162
74%
静岡県 伊豆の国市 46,804
74%
富山県 黒部市 39,638
74%
福井県 小浜市 28,991
74%
石川県 輪島市 24,608
74%
長野県 飯山市 19,539
74%
石川県 珠洲市 12,929
74%
愛知県 刈谷市 153,834
70%
静岡県 焼津市 136,845
70%
静岡県 富士宮市 128,105
70%
愛知県 半田市 117,884
70%
静岡県 島田市 95,719
70%
新潟県 三条市 94,642
70%
愛知県 あま市 86,126
70%
山梨県 南アルプス市 69,459
70%
石川県 加賀市 63,220
70%
愛知県 愛西市 60,829
70%
愛知県 常滑市 58,710
70%
新潟県 佐渡市 51,492
70%
長野県 諏訪市 48,729
70%
新潟県 糸魚川市 40,765
70%
新潟県 妙高市 30,383
70%
福井県 あわら市 27,524
70%
岐阜県 飛騨市 22,538
70%
山梨県 大月市 22,512
70%
岐阜県 美濃市 19,247
70%
愛知県 西尾市 169,046
67%
静岡県 藤枝市 141,341
67%
愛知県 東海市 113,787
67%
石川県 白山市 110,408
67%
石川県 小松市 106,216
67%
新潟県 柏崎市 81,526
67%
福井県 鯖江市 68,302
67%
新潟県 村上市 57,418
67%
石川県 野々市市 57,238
67%
岐阜県 美濃加茂市 56,689
67%
新潟県 南魚沼市 54,851
67%
石川県 七尾市 50,300
67%
富山県 砺波市 48,154
67%
富山県 南砺市 47,937
67%
山梨県 富士吉田市 46,530
67%
愛知県 新城市 44,355
67%
富山県 氷見市 43,950
67%
新潟県 魚沼市 34,483
67%
富山県 滑川市 32,349
67%
静岡県 御前崎市 31,103
67%
岐阜県 下呂市 30,428
67%
静岡県 下田市 20,183
67%
長野県 佐久市 98,199
63%
愛知県 大府市 93,123
63%
富山県 射水市 90,742
63%
静岡県 袋井市 87,864
63%
山梨県 甲斐市 75,313
63%
山梨県 笛吹市 66,947
63%
愛知県 岩倉市 47,983
63%
静岡県 菊川市 47,789
63%
愛知県 弥富市 43,025
63%
岐阜県 郡上市 38,997
63%
山梨県 中央市 31,216
63%
山梨県 韮崎市 29,067
63%
山梨県 上野原市 22,669
63%
岐阜県 可児市 99,968
59%
福井県 坂井市 88,481
59%
愛知県 尾張旭市 83,144
59%
愛知県 碧南市 72,458
59%
愛知県 清須市 67,352
59%
静岡県 伊東市 65,491
59%
愛知県 田原市 59,360
59%
静岡県 裾野市 50,911
59%
新潟県 胎内市 28,509
59%
新潟県 加茂市 25,441
59%
愛知県 江南市 98,255
56%
新潟県 新発田市 94,927
56%
長野県 安曇野市 94,222
56%
愛知県 日進市 91,520
56%
岐阜県 関市 85,283
56%
長野県 伊那市 66,125
56%
愛知県 みよし市 61,952
56%
愛知県 津島市 60,942
56%
長野県 茅野市 56,400
56%
岐阜県 恵那市 47,774
56%
静岡県 牧之原市 43,502
56%
富山県 魚津市 40,535
56%
長野県 駒ヶ根市 32,202
56%
福井県 大野市 31,286
56%
山梨県 甲州市 29,237
56%
長野県 大町市 26,029
56%
福井県 勝山市 22,150
56%
石川県 羽咋市 20,407
56%
愛知県 稲沢市 134,751
52%
岐阜県 羽島市 65,649
52%
長野県 千曲市 58,852
52%
新潟県 十日町市 49,820
52%
長野県 岡谷市 47,790
52%
長野県 小諸市 40,991
52%
岐阜県 瑞浪市 37,150
52%
山梨県 都留市 31,016
52%
長野県 東御市 30,122
52%
岐阜県 山県市 25,280
52%
岐阜県 土岐市 55,348
48%
長野県 須坂市 49,559
48%
石川県 能美市 48,523
48%
新潟県 五泉市 47,625
48%
山梨県 北杜市 44,053
48%
長野県 中野市 42,338
48%
新潟県 阿賀野市 40,696
48%
石川県 かほく市 34,889
48%
富山県 小矢部市 28,983
48%
新潟県 見附市 39,237
44%
岐阜県 海津市 32,735
44%
愛知県 高浜市 46,106
41%
新潟県 小千谷市 34,096
41%
岐阜県 本巣市 32,928
41%
岐阜県 瑞穂市 56,388
30%
No matching quizzes found
Score Distribution
Percent of People with Each Score
Percentile by Number Answered
Your Score History
You have not taken this quiz